00545nam a2200193 a 4500001001300000003000900013005001700022008004100039020002300080082001500103100001800118245006800136260004500204300000900249500003500258505001600293650002400309700001800333nice12345678IN_TiNIC20260116014528.0110106s2010 newa grp 000 0 eng  a9781848854468c39500a958.1bRAS aRashid, Ahmed aTalibanb The Power of Militant Islam in Afghanistan and Beyond aNew Delhi bViva Books Pvt. Ltd., c2010 a319p aincludes index and biblioraphy2 aNotes,Index aAfghanistan-Taliban1 aRashid, Ahmed